000 00540nam a2200217Ia 4500
003 OSt
005 20250429103441.0
008 210210b1969 xxu||||| |||| 00| 0 eng d
040 _cAL
041 _aEnglish
082 _a796 RAMM
100 _aRAMA (Reddi P).
_9134571
245 _aManual of games and sports.
250 _a2
260 _aHyderabad.
_bPanchayat Publication.,
_c1969
300 _a587
650 _aGames Sports Rules
_9134572
690 _aAthletic & Outdoor Sports
_9134573
906 _a027484
942 _2ddc
_cBK
999 _c78772
_d78772